| Поле | Инд. | ПП | Название | Значение |
|---|---|---|---|---|
| Тип записи | a | |||
| Библиографический уровень | b | |||
| 001 | Контрольный номер | RU/IS/BASE/265307566 | ||
| 005 | Дата корректировки | 20210112143736.3 | ||
| 008 | Кодируемые данные | 20080528 | ||
| 040 | b | Код языка каталог. | rus | |
| e | Правила каталог. | PSBO | ||
| 041 | 0_ | a | Код языка текста | rus |
| 084 | a | Индекс другой классификации/Индекс ББК | 88.91; 88.573.3 | |
| 100 | 1_ | a | Автор | Соловьева А. А. |
| q | Полное имя | Соловьева Анна Анатольевна | ||
| 100 | 1_ | a | Автор | Цымбал Е. И. |
| q | Полное имя | Цымбал Евгений Иосифович | ||
| 245 | 10 | a | Заглавие | Методика производства судебно-психологических экспертиз детей, пострадавших от сексуального насилия |
| 650 | 04 | a | Основная рубрика | практическая психология (прикладная психология) |
| a | Основная рубрика | психология | ||
| a | Основная рубрика | психодиагностика | ||
| a | Основная рубрика | социальная психология; юридическая психология | ||
| 653 | 1_ | a | Ключевые слова | "Озон" (центр судебно-психологической экспертизы) |
| a | Ключевые слова | дети, пострадавшие от сексуального насилия | ||
| a | Ключевые слова | детская психология | ||
| a | Ключевые слова | жертвы сексуального насилия | ||
| a | Ключевые слова | коррекционно-реабилитационная работа | ||
| a | Ключевые слова | методика экспертизы | ||
| a | Ключевые слова | посттравматические расстройства | ||
| a | Ключевые слова | психосоциальные технологии | ||
| a | Ключевые слова | сексуализированное поведение | ||
| a | Ключевые слова | судебно-психологическая экспертиза | ||
| a | Ключевые слова | судебно-психологические центры | ||
| a | Ключевые слова | эмоциональные нарушения | ||
| 773 | 0_ | t | Заглавие источника | Вестник психосоциальной и коррекционно-реабилитационной работы |
| d | Дата издания источника | 2008 | ||
| g | Прочая информация | № 1. - С. 44 - 49 | ||
| w | Контрольный № источника | RU/IS/BASE/261237321 | ||
| 901 | t | Тип документа | b |